| 000 | 00585nam a22002057a 4500 | ||
|---|---|---|---|
| 003 | OSt | ||
| 005 | 20140310182355.0 | ||
| 008 | 131001t xxu||||| |||| 00| 0 eng d | ||
| 020 | _a9780590502139 | ||
| 050 |
_aPZ 8. _bC2214Es 1988 |
||
| 082 |
_aGS 808.83 _bC192 1988 |
||
| 100 |
_aCarle, Eric _91464 |
||
| 245 |
_aEric carle's treasury of classic stories for children / _cEric Carle. |
||
| 260 |
_aNew York : _bScholastic Inc, _cc1988. |
||
| 300 |
_a154 p. : _bill, ; _c28 cm. |
||
| 541 | _j1 | ||
| 562 | _e1 | ||
| 650 |
_aStories _xclassic _922316 |
||
| 942 |
_2lcc _cBK-GS |
||
| 999 |
_c12472 _d12472 |
||